Statistics for New Zealand Womens Provincial Rugby Map Quiz

Click here to take the quiz!

General Stats

  • This quiz has been taken 36 times
    (25 since last reset)
  • The average score is 10 of 13

Answers on the Map

Answers color-coded by a green-red scale on the quiz's map according to % correct below.
 

Answer Stats

Answer% Correct
Wellington
94%
Auckland
83%
Northland
83%
Taranaki
83%
Waikato
83%
Canterbury
78%
Hawke's Bay
78%
North Harbour
78%
Otago
78%
Tasman
78%
Bay of Plenty
72%
Manawatu
72%
Counties-Manukau
56%

Score Distribution

Percentile by Number Answered

Percent of People with Each Score

Your Score History

You have not taken this quiz since the last reset